| 000 | 00810nam a2200241 a 4500 | ||
|---|---|---|---|
| 001 | 000040074 | ||
| 005 | 20201002033913.0 | ||
| 008 | 130805s1975 mx a 000 0 spa d | ||
| 040 |
_aDO-SdBNP _bspa _cBNPHU |
||
| 041 | 1 | 7 |
_aspa _heng |
| 082 |
_axxxx _bS823a |
||
| 100 | 1 |
_aSteiss, Alan Walter _966333 |
|
| 240 | 1 | 0 |
_aPublic budgeting management. _lEspañol |
| 245 | 1 | 0 |
_aAdministración y presupuestos públicos / _cAlan Walter Steiss ; traducido por Vicente F. Pardo. |
| 250 | _a2a. imp. | ||
| 260 |
_améxico : _bEditorial Diana, _c1975. |
||
| 300 |
_a432 p. ; _c24 cm. |
||
| 500 | _aIncluye referencias biblográficas y notas al pie de las páginas | ||
| 500 | _aIncluye índice | ||
| 504 | _aBibliografía p. 417-427 | ||
| 590 | _aInventariado, 2019 /LP | ||
| 700 | 1 |
_aPardo, Vicente F., _etr. _966334 |
|
| 999 |
_c39564 _d39564 |
||